Statistics for First Name Vocabulary #1

Click here to take the quiz!

General Stats

  • This quiz has been taken 41,501 times
    (16,771 since last reset)
  • The average score is 12 of 23

Answer Stats

DefinitionFirst Name% Correct
WealthyRich
96%
Beam of lightRay
81%
The start of a new dayDawn
72%
Male catTom
70%
Christmas songCarol
69%
Jouster's weaponLance
68%
Slang for coffeeJoe
64%
Mafia bossDon
63%
High-ranking university administratorDean
63%
The night beforeEve
59%
To walk into waterWade
59%
Prostitute's clientJohn
56%
Shrub used as an herb in cookingRosemary,
Basil, or Sage
55%
Small streamBrook
50%
Square of butterPat
45%
Con man's targetMark or Patsy
39%
System of rabbit burrowsWarren
33%
Distilled wine such as CognacBrandy
33%
HornyRandy
33%
DNA segmentGene
32%
Honest. BluntFrank
31%
Terse to the point of rudenessCurt
18%
To pry openJimmy
17%

Score Distribution

Percentile by Number Answered

Percent of People with Each Score

Your Score History

You have not taken this quiz since the last reset